000 00521nam a2200181 i 4500
001 84091
003 ES-MaACL
005 20231227182307.0
007 t|
008 160913s1945 sp ||||1| spa d
080 _a821.134.2-82"19"
100 1 _aFernández Flórez, Wenceslao,
_d1885-1964
_949790
245 1 0 _aObras completas /
_cWenceslao Fernández Flórez.
260 _aMadrid :
_bM. Aguilar,
_c1945.
300 _a7 v. :
_bretr. ;
_c14 cm.
852 _aES-MaACL
_jE-5207-13
999 _c84091
_d84091